Vergleichende Behandlungsversuche in alternierender Reihe mit Uterusstäben BAY Va 9391-Bayer und Uterusstäben-Selectavet in der Prophylaxe und Therapie der Nachgeburtsverhaltung und der Endometritis puerperalis beim Rind /

Hlavní autor: Scherer, Adolf
Korporativní autor: Freie Universität Berlin
Jazyk: Němčina
Vydáno: Berlin : Adolf Scherer, 1973
Témata:
Fyzický popis: 45 stran
Knihy
Uloženo v:
LEADER 01034nam a22002652i 4500
001 001574324
003 CZ BrMZK
005 20170612144319.0
007 ta
008 170428s1973 gw er|||||||||||ger d
040 |a BOA001  |b cze  |e rda 
100 1 |a Scherer, Adolf  |4 dis 
245 1 0 |a Vergleichende Behandlungsversuche in alternierender Reihe mit Uterusstäben BAY Va 9391-Bayer und Uterusstäben-Selectavet in der Prophylaxe und Therapie der Nachgeburtsverhaltung und der Endometritis puerperalis beim Rind /  |c von Adolf Scherer 
264 1 |a Berlin :  |b Adolf Scherer,  |c 1973 
300 |a 45 stran 
336 |a text  |b txt  |2 rdacontent 
337 |a bez média  |b n  |2 rdamedia 
338 |a svazek  |b nc  |2 rdacarrier 
502 |a Disertace--Freie Universität Berlin, 1973 
655 7 |a disertace  |7 fd132024  |2 czenas 
710 2 |a Freie Universität Berlin  |7 kn20010710196  |4 isb 
910 |a BOA001  |b X-0722.969 
990 |a BK 
991 |b 201704 
996 7 |b 2619199865  |c X-0722.969  |l MZK  |r Sklad / do 24 hodin  |n 0  |w 001609695  |u 000010  |a 1  |e BOA001  |j MZK50  |s A